| 000 | 00682 a2200217 4500 | ||
|---|---|---|---|
| 003 | IN-BaIIA | ||
| 005 | 20260506164319.0 | ||
| 008 | 260506b |||||||| |||| 00| 0 eng d | ||
| 040 | _cIIA Library | ||
| 080 |
_a530.145 _bCOH-I |
||
| 100 |
_aCohen-Tannoudji, Claude _920293 |
||
| 245 |
_aQuantum mechanics _bvol.I:basic concepts,tools, and applications _cClaude Cohen-Tannoudji,Bernaed Diu, and Franck Laloe |
||
| 260 |
_aWeinheim _bWiley-vch _c2020 |
||
| 300 | _axxi, 921p. | ||
| 650 |
_aAtomic parameters _949357 |
||
| 650 |
_aGauge invariance _949358 |
||
| 650 |
_aPauli matrices _949359 |
||
| 700 |
_aDiu, Bernard _949360 |
||
| 700 |
_aLaloe,Franck _949361 |
||
| 942 |
_2udc _cBK |
||
| 999 |
_c36154 _d36154 |
||